000 00360nam a22001337a 4500
008 220606b |||||||| |||| 00| 0 eng d
020 _a0143121169
050 _a0143121169
100 _aTowels, Amor
245 _aRules of Civility:
_ba Novel /
_cAmor Towels
260 _aNew York
_bPenguin Books
_c2011
300 _a1 Vol. (various paging)
942 _2lcc
_cBK
999 _c19328
_d19327